000
00300nam a22001337a 4500
008
181205b xxu||||| |||| 00| 0 eng d
020
_a
0071411841
041
_a
eng
080
_a
615.6
100
_a
7
101
_a
DER
245
_a
Dermatology In General Medicine
_c
Katz.S.I
942
_2
udc
_c
BK
999
_c
52901
_d
52901